<?xml version="1.0" encoding="UTF-8"?><?xml-stylesheet type="text/xsl" href="static/style.xsl"?><OAI-PMH xmlns="http://www.openarchives.org/OAI/2.0/" xmlns:xsi="http://www.w3.org/2001/XMLSchema-instance" xsi:schemaLocation="http://www.openarchives.org/OAI/2.0/ http://www.openarchives.org/OAI/2.0/OAI-PMH.xsd"><responseDate>2026-06-29T02:29:21Z</responseDate><request verb="GetRecord" identifier="oai:docta.ucm.es:20.500.14352/117011" metadataPrefix="marc">https://docta.ucm.es/rest/oai/request</request><GetRecord><record><header><identifier>oai:docta.ucm.es:20.500.14352/117011</identifier><datestamp>2025-08-29T15:59:29Z</datestamp><setSpec>com_20.500.14352_14</setSpec><setSpec>col_20.500.14352_15</setSpec></header><metadata><record xmlns="http://www.loc.gov/MARC21/slim" xmlns:dcterms="http://purl.org/dc/terms/" xmlns:xsi="http://www.w3.org/2001/XMLSchema-instance" xmlns:doc="http://www.lyncode.com/xoai" xsi:schemaLocation="http://www.loc.gov/MARC21/slim http://www.loc.gov/standards/marcxml/schema/MARC21slim.xsd">
   <leader>00925njm 22002777a 4500</leader>
   <datafield ind2=" " ind1=" " tag="042">
      <subfield code="a">dc</subfield>
   </datafield>
   <datafield ind2=" " ind1=" " tag="720">
      <subfield code="a">Hernández Holgado, Fernando</subfield>
      <subfield code="e">author</subfield>
   </datafield>
   <datafield ind2=" " ind1=" " tag="260">
      <subfield code="c">2015</subfield>
   </datafield>
   <datafield ind2=" " ind1=" " tag="520">
      <subfield code="a">RESUMEN: Este artículo recoge y revisa las memorias de las presas políticas de la primera etapa del franquismo,  publicadas  desde  1978  hasta  la  actualidad,  en  el  marco  del  llamado  proceso  de  recuperación  de  la  “memoria  histórica”  en  España.  El  punto  de  partida  es  la  publicación  de  Desde  la  noche  y  la  niebla  por  la  militante  comunista  Juana  Doña  (1918-2003),  poniendo  el  acento en las peligrosas condiciones en que se dio la Transición española a la democracia. El texto analiza también, de manera sucinta, el cambio experimentado por estas condiciones a lo largo  de  los  años  noventa,  con  la  emergencia,  en  el  umbral  del  nuevo  siglo,  de  un  ambiente  favorecedor simbolizado por la “Ley de Memoria Histórica” de 2007, bajo el último gobierno socialista.</subfield>
   </datafield>
   <datafield ind1="8" ind2=" " tag="024">
      <subfield code="a">Hernández Holgado, F.  Juana Doña y el manantial de la memoria. Memorias de las cárceles franquistas de mujeres (1978-2007). Arenal. Revista De Historia De Las Mujeres. 2015 (22), 283–309.</subfield>
   </datafield>
   <datafield ind1="8" ind2=" " tag="024">
      <subfield code="a">10.30827/arenal.v22i2.2386</subfield>
   </datafield>
   <datafield ind1="8" ind2=" " tag="024">
      <subfield code="a">https://hdl.handle.net/20.500.14352/117011</subfield>
   </datafield>
   <datafield ind1="8" ind2=" " tag="024">
      <subfield code="a">2792-1565</subfield>
   </datafield>
   <datafield ind1="8" ind2=" " tag="024">
      <subfield code="a">https://doi.org/10.30827/arenal.v22i2.2386</subfield>
   </datafield>
   <datafield ind2="0" ind1="0" tag="245">
      <subfield code="a">Juana Doña y el manantial de la memoria. Memorias de las cárceles franquistas de mujeres (1978-2007)</subfield>
   </datafield>
</record></metadata></record></GetRecord></OAI-PMH>